00866nam a2200289 a 450000100060000000300080000600500170001400800410003103500160007203500230008803500190011103500170013004000260014704100080017308200220018110000380020324500800024125000130032126000410033430000270037549000350040250400290043765000140046665000190048070000450049983000320054460986BD-RjUL20211209080917.0170105s1969 ilu b 001 0 eng d a(OCoLC)5757 a(OCoLC)ocm00005757 a(BD-RjUL)61110 a(NNC)2513273 aBD-RjULbengcBD-RjUL aeng a650223bEEC 19691 aEells, Richard Sedric Fox,d1917-10aConceptual foundations of businessc[by] Richard Eells and Clarence Walton. aRev. ed. aHomewood, Ill.,bR. D. Irwin,c1969. aviii, 648 p. ;c24 cm.1 aThe Irwin series in management aIncludes bibliographies. 0aBusiness. 0aSocial values.1 aWalton, Clarence Cyril,d1915-,eauthor. 0aIrwin series in management.